| 000 | 01175cam a22003375a 4500 | ||
|---|---|---|---|
| 001 | 016086094 | ||
| 003 | EG-ScBUE | ||
| 005 | 20220223105315.0 | ||
| 008 | 120509s2011 enka f 000 1 eng d | ||
| 020 | _a9780192758231 | ||
| 020 | _a0192758233 | ||
| 040 |
_aStDuBDS _beng _erda _cStDuBDS _dUk _dEG-ScBUE |
||
| 041 | 1 |
_aeng _hswe |
|
| 082 | 0 | 4 |
_222 _a839.7374 _bLIN |
| 100 | 1 |
_aLindgren, Astrid, _d1907-2002, _eauthor. |
|
| 240 | 1 | 0 |
_aPippi Långstrump. _lEnglish |
| 245 | 1 | 0 |
_aPippi Longstocking / _cAstrid Lindgren ; illustrated by Lauren Child ; translated by Tiina Nunnally. |
| 264 | 1 |
_aOxford : _bOxford University Press, _c2011. |
|
| 300 |
_a207 pages : _billustrations ; _c19 cm |
||
| 336 |
_2rdacontent _atext _btxt |
||
| 337 |
_2rdamedia _aunmediated _bn |
||
| 338 |
_2rdacarrier _avolume _bnc |
||
| 546 | _aText in English ; Translated from the Swedish. | ||
| 650 | 7 |
_aLongstocking, Pippi (Fictitious character) _vJuvenile fiction. _2BUEsh |
|
| 651 | _2BUEsh | ||
| 653 |
_bGGEN _bHHUUEENN _cFebruary2018 |
||
| 655 |
_vReading book _934232 |
||
| 700 | 1 |
_aNunnally, Tiina, _d1952- _etranslator. |
|
| 700 | 1 |
_aChild, Lauren, _eillustrator. _938151 |
|
| 942 |
_2ddc _cBB |
||
| 999 |
_c26199 _d26171 |
||